<?xml version="1.0" encoding="UTF-8"?><?xml-stylesheet type="text/xsl" href="static/style.xsl"?><OAI-PMH xmlns="http://www.openarchives.org/OAI/2.0/" xmlns:xsi="http://www.w3.org/2001/XMLSchema-instance" xsi:schemaLocation="http://www.openarchives.org/OAI/2.0/ http://www.openarchives.org/OAI/2.0/OAI-PMH.xsd"><responseDate>2026-04-13T02:48:59Z</responseDate><request verb="GetRecord" identifier="oai:www.recercat.cat:2072/232530" metadataPrefix="marc">https://recercat.cat/oai/request</request><GetRecord><record><header><identifier>oai:recercat.cat:2072/232530</identifier><datestamp>2024-12-21T01:35:37Z</datestamp><setSpec>com_2072_220028</setSpec><setSpec>com_2072_4427</setSpec><setSpec>col_2072_220407</setSpec></header><metadata><record xmlns="http://www.loc.gov/MARC21/slim" xmlns:dcterms="http://purl.org/dc/terms/" xmlns:xsi="http://www.w3.org/2001/XMLSchema-instance" xmlns:doc="http://www.lyncode.com/xoai" xsi:schemaLocation="http://www.loc.gov/MARC21/slim http://www.loc.gov/standards/marcxml/schema/MARC21slim.xsd">
   <leader>00925njm 22002777a 4500</leader>
   <datafield ind2=" " ind1=" " tag="042">
      <subfield code="a">dc</subfield>
   </datafield>
   <datafield ind2=" " ind1=" " tag="720">
      <subfield code="a">Rodà, Isabel, 1948-</subfield>
      <subfield code="e">author</subfield>
   </datafield>
   <datafield ind2=" " ind1=" " tag="260">
      <subfield code="c">2010</subfield>
   </datafield>
   <datafield ind2=" " ind1=" " tag="520">
      <subfield code="a">L'archeologia classica ha registrato in Catalogna un importante sviluppo in questi ultimi tempi, sia in ciò che è legato alla ricerca sul campo, sia nelle pubblicazioni e nella crescita dei centri di studio. Una prova della potenza dell'archeologia classica catalana attuale è proprio il fatto che a questa sia stata dedicata una singola sessione del XVII Congresso Internazionale di Archeologia Classica, cosa che è un'eccezione, alla quale dobbiamo essere vivamente grati, perché le sessioni regionali sono in genere dedicate ai vecchi paesigià esistenti nell'antichità o alle grande isole del Mediterraneo.</subfield>
   </datafield>
   <datafield ind1="8" ind2=" " tag="024">
      <subfield code="a">Rodà, I. (2010) «L’archeologia classica in Catalogna. Correnti culturali puniche, iberiche e romane» Bollettino di Archeologia on line I 2010/ Volume speciale A/A8/1, 12 p.</subfield>
   </datafield>
   <datafield ind1="8" ind2=" " tag="024">
      <subfield code="a">http://hdl.handle.net/2072/232530</subfield>
   </datafield>
   <datafield ind2="0" ind1="0" tag="245">
      <subfield code="a">L’archeologia classica in Catalogna. Correnti culturali puniche, iberiche e romane</subfield>
   </datafield>
</record></metadata></record></GetRecord></OAI-PMH>